Giáo trình tiếng Việt 3 Giáo trình đào tạo cử nhân Sư phạm Tiểu học
Trình bày ngữ pháp tiếng Việt gồm: từ loại, cụm từ, câu, ngữ pháp văn bản. Nghiên cứu phong cách chức năng ngôn ngữ và các phương tiện tu từ, biện pháp tu từ trong tiếng Việt
Đã lưu trong:
| Príomhúdar: | |
|---|---|
| Údair Eile: | , |
| Formáid: | Leabhar |
| Teanga: | Vietnamese |
| Foilsithe: |
H.
Đại học Sư phạm
2011
|
| Ábhair: | |
| Clibeanna: |
Cuir Clib Leis
Gan Chlibeanna, Bí ar an gcéad duine leis an taifead seo a chlibeáil!
|
| Thư viện lưu trữ: | Mạng thư viện Đại học Đà Nẵng |
|---|
| LEADER | 01441aam a22003498a 4500 | ||
|---|---|---|---|
| 001 | 000016554 | ||
| 003 | 12957 | ||
| 005 | 20121113091119.0 | ||
| 008 | 121113s2011 viesd | ||
| 020 | |c 50000đ |d 1000b | ||
| 041 | 0 | |a vie | |
| 082 | 1 | 4 | |2 14 |a 372.6 |b LÊ-A |
| 100 | 1 | |a Lê A | |
| 245 | 1 | 0 | |a Giáo trình tiếng Việt 3 |b Giáo trình đào tạo cử nhân Sư phạm Tiểu học |c Lê A (ch.b.), Phan Phương Dung, Đặng Kim Nga |
| 260 | |a H. |b Đại học Sư phạm |c 2011 | ||
| 300 | |a 223 tr. |b hình vẽ, bảng |c 24 cm. | ||
| 504 | |a Thư mục cuối mỗi chương | ||
| 520 | |a Trình bày ngữ pháp tiếng Việt gồm: từ loại, cụm từ, câu, ngữ pháp văn bản. Nghiên cứu phong cách chức năng ngôn ngữ và các phương tiện tu từ, biện pháp tu từ trong tiếng Việt | ||
| 650 | 7 | |2 Bộ TK TVQG |a Tiếng Việt | |
| 655 | 7 | |2 Bộ TK TVQG |a Giáo trình | |
| 700 | 1 | |a Phan Phương Dung | |
| 700 | 1 | |a Đặng Kim Nga | |
| OWN | |a LSP | ||
| AVA | |a UDN50 |b LSP |d 372.6 LÊ-A |e check_holdings |t Error 5003 Not defined in file expand_doc_bib_avail. |h N |k 1 | ||
| 999 | |a From the UDN01 | ||
| AVA | |a UDN50 |b LSP |d 372.6 LÊ-A |e available |t Error 5001 Not defined in file expand_doc_bib_avail. |f 15 |g 1 |h N |i 32 |k 1 | ||
| TYP | |a Monograph | ||
| TYP | |a Printed language | ||
| 980 | |a Mạng thư viện Đại học Đà Nẵng | ||